Normal view
MARC view
- Yousuf Abbas
Entry Personal Name
001 - CONTROL NUMBER
- control field: 9899
003 - CONTROL NUMBER IDENTIFIER
- control field: NUST
005 - DATE AND TIME OF LATEST TRANSACTION
- control field: 20180124170716.0
008 - FIXED-LENGTH DATA ELEMENTS
- fixed length control field: 180124|| aca||aabn | a|a d
040 ## - CATALOGING SOURCE
- Original cataloging agency: NUST
- Transcribing agency: NUST
100 ## - HEADING--PERSONAL NAME
- Personal name: Yousuf Abbas
670 ## - SOURCE DATA FOUND
- Source citation: Work cat.: (NUST)325880: Yousuf Abbas, Pakistani Siasatdan Aur Afwaaj e Pakistan, 2013
